| 000 | 01355cam a2200385 i 4500 | ||
|---|---|---|---|
| 001 | 17771825 | ||
| 003 | OSt | ||
| 005 | 20230605114449.0 | ||
| 008 | 130611s2011 ke b 000 0 eng | ||
| 010 | _a 2012314948 | ||
| 020 | _a9789966029089 | ||
| 020 | _a9966029087 | ||
| 040 |
_aDLC _beng _cDLC _erda |
||
| 042 |
_apcc _alcode |
||
| 043 | _af-ke--- | ||
| 050 | 0 | 0 |
_aKSK2550 _b.S934 2011 |
| 082 |
_a331.1 _bSYA |
||
| 100 | 1 | _aSyagga, Paul M. | |
| 245 | 1 | 0 |
_aPublic land, historical land injustices and the new constitution / _cPaul Syagga. |
| 264 | 1 |
_aNairobi, Kenya : _bSociety for International Development (SID), Regional Office for East & Southern Africa, _c2011. |
|
| 300 |
_aviii, 31 pages ; _c30 cm. |
||
| 336 |
_atext _2rdacontent |
||
| 337 |
_aunmediated _2rdamedia |
||
| 338 |
_avolume _2rdacarrier |
||
| 490 | 0 |
_aSID constitution working paper ; _vno. 9 |
|
| 504 | _aIncludes bibliographical references (pages 27-28). | ||
| 650 | 0 |
_aPublic lands _zKenya. |
|
| 650 | 0 |
_aLand tenure _xLaw and legislation _zKenya. |
|
| 650 | 0 |
_aLand reform _xLaw and legislation _zKenya. |
|
| 650 | 0 |
_aReparations for historical injustices _zKenya. |
|
| 830 | 0 |
_aSID constitution working paper ; _vno. 9. |
|
| 906 |
_a7 _bcbc _corigres _d3 _encip _f20 _gy-gencatlg |
||
| 942 |
_2ddc _cBK |
||
| 999 |
_c334 _d334 |
||